Rozpočtová politika Európskej únie v rámci viacročného finančného rámca na roky 2021-2027 diplomová práca

Saved in:
Bibliographic Details
Main Author: Polovčíková, Andrea
Corporate Author: Fakulta medzinárodných vzťahov EU. Katedra medzinárodných ekonomických vzťahov a hospodárskej diplomacie
Other Authors: Harakaľová, Ľubica, 1963-
Format: Book
Language:Slovak
Published: Bratislava 2022
Tags: Add Tag
No Tags, Be the first to tag this record!

MARC

LEADER 00000nbm a2200000 4500
001 0285164
005 20230419093327.9
041 0 |a slo 
044 |a SK 
245 1 0 |a Rozpočtová politika Európskej únie v rámci viacročného finančného rámca na roky 2021-2027  |b diplomová práca  |c Andrea Polovčíková ; školiteľ: Ľubica Harakaľová 
264 1 |a Bratislava  |c 2022 
300 |a 76 s. 
100 1 |a Polovčíková, Andrea 
700 1 |a Harakaľová, Ľubica, 1963- 
710 2 |a Fakulta medzinárodných vzťahov EU. Katedra medzinárodných ekonomických vzťahov a hospodárskej diplomacie